Países do mundo segundo o Brasil - Statistics

Estatísticas Gerais
  • Esse quiz foi jogado 30 vezes
  • A pontuação média é 153 de 195
Respostas no mapa
Respostas codificadas por cores de uma escala verde-vermelha no mapa do quiz de acordo com a % correta abaixo.
 
Estatísticas das Respostas
País % Correto
Canadá
100%
Estados Unidos
100%
México
100%
Argentina
95%
Bolívia
95%
Brasil
95%
Chile
95%
China
95%
Colômbia
95%
França
95%
Índia
95%
Israel
95%
Itália
95%
Paraguai
95%
Peru
95%
Portugal
95%
Rússia
95%
Suíça
95%
Uruguai
95%
Venezuela
95%
África do Sul
90%
Alemanha
90%
Austrália
90%
Bulgária
90%
Coreia do Sul
90%
Dinamarca
90%
Egito
90%
Espanha
90%
Finlândia
90%
Guiana
90%
Irã
90%
Iraque
90%
Islândia
90%
Jamaica
90%
Japão
90%
Madagascar
90%
Marrocos
90%
Níger
90%
Omã
90%
Quênia
90%
Reino Unido
90%
República Democrática do Congo
90%
República do Congo
90%
Romênia
90%
Suécia
90%
Tailândia
90%
Turquia
90%
Ucrânia
90%
Angola
85%
Arábia Saudita
85%
Argélia
85%
Bahamas
85%
Bélgica
85%
Camarões
85%
Coreia do Norte
85%
Costa Rica
85%
Cuba
85%
Emirados Árabes Unidos
85%
Etiópia
85%
Grécia
85%
Guiné
85%
Haiti
85%
Irlanda
85%
Jordânia
85%
Nigéria
85%
Paquistão
85%
Polônia
85%
Sudão
85%
Zâmbia
85%
Albânia
80%
Andorra
80%
Brunei
80%
Cazaquistão
80%
Comores
80%
Costa do Marfim
80%
Equador
80%
Eslováquia
80%
Eslovênia
80%
Gabão
80%
Gana
80%
Geórgia
80%
Guiné-Bissau
80%
Honduras
80%
Indonésia
80%
Líbia
80%
Malásia
80%
Mali
80%
Mauritânia
80%
Moçambique
80%
Moldávia
80%
Nicarágua
80%
Nova Zelândia
80%
Países Baixos
80%
República Dominicana
80%
Senegal
80%
Somália
80%
Sudão do Sul
80%
Suriname
80%
Tunísia
80%
Vaticano
80%
Vietnã
80%
Zimbábue
80%
Afeganistão
75%
Antígua e Barbuda
75%
Barbados
75%
Belarus
75%
Belize
75%
Bósnia e Herzegovina
75%
Butão
75%
Cabo Verde
75%
Chade
75%
Dominica
75%
El Salvador
75%
Fiji
75%
Filipinas
75%
Guiné Equatorial
75%
Hungria
75%
Iêmen
75%
Lesoto
75%
Líbano
75%
Lituânia
75%
Luxemburgo
75%
Malawi
75%
Maldivas
75%
Nepal
75%
Noruega
75%
Panamá
75%
República Tcheca
75%
São Vicente e Granadinas
75%
Seicheles
75%
Sérvia
75%
Singapura
75%
Sri Lanka
75%
Togo
75%
Uzbequistão
75%
Armênia
70%
Áustria
70%
Azerbaijão
70%
Botsuana
70%
Burkina Faso
70%
Catar
70%
Chipre
70%
Croácia
70%
Guatemala
70%
Liechtenstein
70%
Macedônia do Norte
70%
Malta
70%
Maurício
70%
Mônaco
70%
Mongólia
70%
Namíbia
70%
Palau
70%
Papua Nova Guiné
70%
Quirguistão
70%
República Centro-Africana
70%
Ruanda
70%
San Marino
70%
Serra Leoa
70%
Síria
70%
Tanzânia
70%
Timor-Leste
70%
Turcomenistão
70%
Uganda
70%
Bangladesh
65%
Benim
65%
Eritreia
65%
Estônia
65%
Kuwait
65%
Libéria
65%
Micronésia
65%
Montenegro
65%
Myanmar
65%
Samoa
65%
Santa Lúcia
65%
São Cristóvão e Névis
65%
São Tomé e Príncipe
65%
Tajiquistão
65%
Tonga
65%
Trinidad e Tobago
65%
Tuvalu
65%
Bahrein
60%
Burundi
60%
Camboja
60%
Djibuti
60%
Gâmbia
60%
Granada
60%
Ilhas Marshall
60%
Laos
60%
Letônia
60%
Nauru
60%
Vanuatu
60%
Essuatíni
55%
Ilhas Salomão
55%
Kiribati
55%
Palestina
50%
Nenhum quiz correspondente encontrado
Distribuição das Pontuações
Porcentagem de Pessoas com Cada Pontuação
Percentil de Números Respondidos
Sua Pontuação Histórica
Você não jogou esse quiz